000 00628nam a22002297a 4500
003 UA-OsUOA
001 55898
007 ta
008 20080922b un ||||| |||| 00| 0 ukr d
100 _aГулько О.
700 _aМомотюк О.
090 _a908
_bГ-12
942 _cSA
040 _aUA-OsUOA
_bukr
_cUA-OsUOA
_dUA-OsUOA
245 _aПерспективи співпраці з діаспорою обговорили в "Острозькій академії"
300 _aС.3
955 _a0
041 _aukr
080 _a908
773 0 _w55897
650 7 _a908 Краєзнавство
_2UDC
999 _c342001
_d342001